[Event "IRI-ch U16"]
[Site "Chess.com INT"]
[Date "2021.01.16"]
[Round "6"]
[White "Amjad Yazdandoust, Mohammadreza"]
[Black "Ghorbani, Sina1"]
[Result "1-0"]
[WhiteElo "1940"]
[BlackElo "1850"]
[PlyCount "103"]
[EventDate "2021.01.16"]
[EventType "swiss"]
[EventRounds "11"]
[EventCountry "IRI"]
[SourceTitle "EXT 2022"]
[Source "ChessBase"]
[SourceDate "2021.10.06"]
[SourceVersion "1"]
[SourceVersionDate "2021.10.06"]
[SourceQuality "1"]

1. e4 c5 2. Nf3 Nc6 3. c4 d6 4. d4 cxd4 5. Nxd4 Nf6 6. Nc3 g6 7. Be2 Bg7 8. Be3 0-0 9. 0-0 a6 10. f4 Nd7 11. Kh1 Nc5 12. Rc1 Ne6 13. Nxc6 bxc6 14. f5 Nc7 15. c5 d5 16. exd5 cxd5 17. Bf4 d4 18. fxg6 e5 19. gxf7+ Rxf7 20. Bg3 Rxf1+ 21. Bxf1 Bf5 22. Bc4+ Kh8 23. Na4 Qg5 24. Nb6 Rd8 25. Qe1 Re8 26. Rd1 Bg4 27. Rd2 Qe7 28. b4 a5 29. a3 axb4 30. axb4 e4 31. Bd6 Qd8 32. h3 Bh5 33. Ra2 Bg6 34. b5 e3 35. Qe2 Be4 36. Bd3 Bd5 37. Qh5 Bg8 38. Re2 Ne6 39. Nc4 Bf6 40. Ne5 Ng5 41. Ng4 Ne4 42. Nxf6 Ng3+ 43. Bxg3 Qxf6 44. c6 Bf7 45. Qf5 Qe7 46. c7 Be6 47. Qe5+ Kg8 48. Qxd4 Bc8 49. Bc4+ Be6 50. Bxe6+ Qxe6 51. Rxe3 Qxe3 52. Qxe3 1-0

[Event "IRI-ch U16"]
[Site "Chess.com INT"]
[Date "2021.01.16"]
[Round "2"]
[White "Amjad Yazdandoust, Mohammadreza"]
[Black "Taheri, Eliya"]
[Result "0-1"]
[WhiteElo "1940"]
[BlackElo "1591"]
[PlyCount "150"]
[EventDate "2021.01.16"]
[EventType "swiss"]
[EventRounds "11"]
[EventCountry "IRI"]
[SourceTitle "EXT 2022"]
[Source "ChessBase"]
[SourceDate "2021.10.06"]
[SourceVersion "1"]
[SourceVersionDate "2021.10.06"]
[SourceQuality "1"]

1. e4 d5 2. exd5 Nf6 3. d4 Nxd5 4. c4 Nb6 5. c5 Nd5 6. Bc4 e6 7. Nf3 b6 8. cxb6 Nxb6 9. Bb3 Bb7 10. 0-0 Be7 11. Nc3 0-0 12. Be3 Bf6 13. Qe2 Nd5 14. Ne4 Nd7 15. Rac1 N7b6 16. Nc5 Bc8 17. Bc2 a5 18. Ne5 Bxe5 19. dxe5 Qe7 20. Qd3 g6 21. Ne4 Ba6 22. Qd2 Bxf1 23. Bc5 Qd7 24. Rxf1 f5 25. exf6 Nxf6 26. Qxd7 Nbxd7 27. Bxf8 Rxf8 28. Ng5 Nc5 29. a3 Rb8 30. b3 e5 31. Re1 e4 32. Rb1 h6 33. Nh3 Kg7 34. Nf4 g5 35. Ne2 Nd3 36. Nc3 Rd8 37. Rd1 Rb8 38. Nxe4 Nxe4 39. Rxd3 Nc5 40. Rc3 Ne6 41. Rc6 Kf6 42. g4 Ke5 43. Ra6 Nd4 44. Rxa5+ Kf4 45. Ra4 Ke5 46. Bd1 Nxb3 47. Kg2 Nd4 48. Rc4 c6 49. Ba4 Rb6 50. Rb4 Ra6 51. Bb3 Rxa3 52. Bf7 Ra7 53. Bg6 Rg7 54. Bd3 Rc7 55. Rc4 c5 56. Kg3 Ne6 57. h4 Nf4 58. Be4 Ne2+ 59. Kg2 Nd4 60. f3 gxh4 61. Kh3 Kf4 62. Kxh4 Nxf3+ 63. Bxf3+ Kxf3 64. Kh5 Rc6 65. g5 hxg5 66. Kxg5 Ke3 67. Kf5 Kd3 68. Rc1 c4 69. Ke5 c3 70. Kd5 Rc8 71. Rh1 c2 72. Rh3+ Kd2 73. Rh2+ Kc1 74. Kd4 Kb2 75. Kd3 Kb1 0-1